Frank, la rana que quería volar.

Kaydedildi:
Detaylı Bibliyografya
Yazar: Drachman, Eric (autor)
Diğer Yazarlar: Muscarello, James, il (autor) il, (autor)
Materyal Türü: Kitap
Dil:İspanyolca
Konular:
Etiketler: Etiketle
Etiket eklenmemiş, İlk siz ekleyin!

MARC

LEADER 00000nam^a2200000^u^4500
001 000510797
005 20250521000000.0
008 071018s1000^^^^^^^^^^^^r^^^^^000^0^spa^d
009 20260310130133.42
022 |a 9788496708143 
035 |a FCE 000055007 
037 |a Acervo ITESO - Biblioteca 
041 |a spa 
082 0 4 |a 398.21  |b DRAf 
100 |a Drachman, Eric  |e (autor) 
245 1 0 |a Frank, la rana que quería volar. 
264 |a España :  |b Andantino,  |c 2007. 
300 |a [32 p.] :  |b col. 
336 |a texto  |b txt  |2 rdacontenido 
337 |a sin mediación  |b n  |2 rdamedio 
338 |a volumen  |b nc  |2 rdasoporte 
596 |a Traducción de: A frog Thing. 
649 |a XX 
650 |a Cuentos 
650 |a Fábulas 
700 |a Muscarello, James,  |e il  |e (autor) 
910 |a Fondo Centro de Estudios Educativos 
920 |a Impresos - Libros 
930 |a Fondos Especiales 
905 |a 133 
901 |a ALE008490  |b IT2  |c CEE  |u 20250521 
902 |a https://opac.biblio.iteso.mx/vufind/Record/000510797